Wards of Chiba City - Statistics

General Stats
  • This quiz has been taken 36 times
  • The average score is 4 of 6
Answers on the Map
Answers color-coded by a green-red scale on the quiz's map according to % correct below.
 
Answer Stats
Answer % Correct
Chuo 中央
91%
Midori 緑
73%
Mihama 美浜
73%
Inage 稲毛
64%
Hanamigawa 花見川
59%
Wakaba 若葉
55%
No matching quizzes found
Score Distribution
Percent of People with Each Score
Percentile by Number Answered
Your Score History
You have not taken this quiz